Mathematical modeling and computer simulation

Two professors at Indiana University walk through the process of constructing mathematical models, and illustrate the use of stochastic processes to model several situations arising in biology, ecology, finance, political science, and psychology. The second half of the textbook explores in more deta...

Cijeli opis

Spremljeno u:
Bibliografski detalji
Glavni autor: Maki, Daniel
Format: Knjiga
Jezik:Undetermined
Izdano: Victoria, Australia Brooks/Cole / Thomson 2006
Teme:
Oznake: Dodaj oznaku
Bez oznaka, Budi prvi tko označuje ovaj zapis!
Thư viện lưu trữ: Trung tâm Học liệu Trường Đại học Cần Thơ
LEADER 01094nam a2200205Ia 4500
001 CTU_117185
008 210402s9999 xx 000 0 und d
020 |c 80.23 
082 |a 003.3 
082 |b M235 
100 |a Maki, Daniel 
245 0 |a Mathematical modeling and computer simulation 
245 0 |c Daniel Maki, Mayard Thompson 
260 |a Victoria, Australia 
260 |b Brooks/Cole / Thomson 
260 |c 2006 
520 |a Two professors at Indiana University walk through the process of constructing mathematical models, and illustrate the use of stochastic processes to model several situations arising in biology, ecology, finance, political science, and psychology. The second half of the textbook explores in more detail the computer implementation of models used to study activities by simulating their actual behavior, and describes the characteristics of linear programming models for addressing business and decision making problems. 
650 |a Computer simulation,Mathematical models 
904 |i Minh 
980 |a Trung tâm Học liệu Trường Đại học Cần Thơ